| 000 | 005720000a22001810004500 | ||
|---|---|---|---|
| 003 | MACL | ||
| 005 | 20160420130344.0 | ||
| 008 | 160420b xxu||||| |||| 00| 0 eng d | ||
| 040 |
_aMACL _cMACL |
||
| 041 | _aHindi | ||
| 082 | _a181 | ||
| 100 |
_aपाण्डेय विनोद चन्द्र _952852 |
||
| 245 | _aविशुद्धि मार्ग | ||
| 260 |
_bसिद्धार्थ पब्लिकेशन्स _c1993 _aनई दिल्ली |
||
| 350 | _a295 | ||
| 650 |
_aPhilosophy _952853 |
||
| 942 |
_cHIN _k181 _2ddc |
||
| 999 |
_c20441 _d20441 |
||